|
|
|
|
| LEADER |
00000nam0a2200000 4500 |
| 001 |
110040 |
| 005 |
20231101214917.0 |
| 035 |
|
|
|a (RuTPU)RU\TPU\book\118840
|
| 090 |
|
|
|a 110040
|
| 100 |
|
|
|a 20070219d1969 m y0rusy50 ca
|
| 101 |
0 |
|
|a rus
|
| 102 |
|
|
|a GE
|
| 105 |
|
|
|a a z 001zb
|
| 200 |
1 |
|
|a Егор Герасимович Челидзе - изобретатель цемента
|f И. Л. Значко-Яворский
|
| 210 |
|
|
|a Тбилиси
|c Сабчота Сакартвело
|d 1969
|
| 215 |
|
|
|a 76 с.
|c ил.
|
| 600 |
|
1 |
|a Челиев (Челидзе)
|b Е. Г.
|c российский инженер-строитель
|f 1771-около 1839
|g Егор Герасимович
|2 stltpush
|3 (RuTPU)RU\TPU\pers\21275
|9 8905
|
| 610 |
1 |
|
|a цементная промышленность
|
| 610 |
1 |
|
|a портланд-цемент
|
| 610 |
1 |
|
|a история
|
| 610 |
1 |
|
|a изобретение
|
| 610 |
1 |
|
|a 19 век
|
| 610 |
1 |
|
|a цемент Челиева
|
| 675 |
|
|
|a 666.942(092)
|v 3
|
| 700 |
|
1 |
|a Значко-Яворский
|b И. Л.
|g Игорь Леонидович
|
| 801 |
|
1 |
|a RU
|b 63413507
|c 20070219
|g PSBO
|
| 801 |
|
2 |
|a RU
|b 63413507
|c 20080205
|g PSBO
|
| 942 |
|
|
|c BK
|